Top 15 Countries with Covid-19 Deaths - 22 Apr 2021 - Statistics

General Stats
  • This quiz has been taken 29 times
  • The average score is 13 of 24
Answer Stats
country % Correct
United States
100%
Brazil
93%
India
93%
Germany
90%
France
86%
Italy
86%
Mexico
86%
Russia
86%
United Kingdom
86%
Spain
83%
Argentina
66%
Poland
59%
Colombia
55%
Portugal
55%
Iran
48%
Peru
38%
Belgium
28%
Czechia
21%
Hungary
14%
Slovakia
14%
Slovenia
14%
Bosnia and Herzegovina
10%
Bulgaria
10%
North Macedonia
7%
No matching quizzes found
Score Distribution
Percent of People with Each Score
Percentile by Number Answered
Your Score History
You have not taken this quiz